[Event "Ruhrgebiet Verbandsliga Gruppe 1 1516"]
[Site "Germany"]
[Date "2015.09.27"]
[Round "2"]
[White "Balic, Enver"]
[Black "Potyrala, Lukasz Rafal"]
[Result "1-0"]
[WhiteElo "1809"]
[BlackElo "1663"]
[PlyCount "105"]
[EventDate "2015.09.06"]
[EventType "team-tourn"]
[EventRounds "9"]
[EventCountry "GER"]
[SourceTitle "EXT 2022"]
[Source "ChessBase"]
[SourceDate "2021.10.06"]
[SourceVersion "1"]
[SourceVersionDate "2021.10.06"]
[SourceQuality "1"]
[WhiteTeam "Dortmund Hansa III"]
[BlackTeam "Dortmund FS"]
[WhiteTeamCountry "GER"]
[BlackTeamCountry "GER"]

1. d4 e6 2. e4 d5 3. Bd3 dxe4 4. Bxe4 Nf6 5. Bf3 Bd6 6. Ne2 c6 7. 0-0 Nbd7 8. c4 h5 9. Nbc3 Ng4 10. g3 e5 11. d5 c5 12. Ne4 Nb6 13. b3 h4 14. Bxg4 Bxg4 15. Qd3 Bh3 16. Rd1 f5 17. Ng5 hxg3 18. fxg3 Qf6 19. Qd2 0-0-0 20. Ne6 Rdg8 21. Qg5 Bg4 22. Rd2 Rh5 23. Qxf6 gxf6 24. Nc3 a6 25. Rg2 Bh3 26. Rf2 Nd7 27. Be3 b6 28. Bd2 e4 29. Nf4 Bxf4 30. Bxf4 Ne5 31. Bxe5 fxe5 32. Re1 Bg4 33. d6 Bf3 34. Nd5 Rg7 35. Rxf3 exf3 36. Rxe5 f2+ 37. Kxf2 Rxh2+ 38. Kf3 Rh3 39. Ne7+ Kd7 40. Nxf5 Rf7 41. Kg2 Rh8 42. g4 Re8 43. Re7+ Rexe7 44. dxe7 Rf6 45. Kf3 Re6 46. Kf4 Re2 47. a3 Rb2 48. Ke5 Rxb3 49. Kf6 Rb2 50. g5 Rf2 51. g6 Rxf5+ 52. Kxf5 Kxe7 53. a4 1-0